| 000 | 00408nam a22001817a 4500 | ||
|---|---|---|---|
| 999 |
_c16781 _d16781 |
||
| 003 | NUST | ||
| 008 | 140106t xxu||||| |||| 00| 0 eng d | ||
| 020 | _a969-35-0086-5 | ||
| 038 | _aASAB | ||
| 082 | _aFic | ||
| 100 |
_aBano Qudsiya _9510 |
||
| 240 | _aBaaz gasht | ||
| 245 | _aBaz gasht | ||
| 246 | _abaazgasht | ||
| 260 |
_aLahore _bSang E Meel Publishers _c2011 |
||
| 300 | _a299 p | ||
| 942 |
_2ddc _cBK |
||